Okomi and the tickling game (Record no. 387151)

MARC details
000 -LEADER
fixed length control field 00275nam a2200097Ia 4500
082 ## - DEWEY DECIMAL CLASSIFICATION NUMBER
Classification number EKF DORM
008 - FIXED-LENGTH DATA ELEMENTS--GENERAL INFORMATION
fixed length control field 210817s9999 xx 000 0 und d
100 ## - MAIN ENTRY--PERSONAL NAME
Personal name DORMAN, Helen Nevada City, Calif., 2003 1st ed
9 (RLIN) 94518
245 #0 - TITLE STATEMENT
Title Okomi and the tickling game
942 ## - ADDED ENTRY ELEMENTS
item type Books
Holdings
Withdrawn status Lost status Damaged status Not for loan Home library Current library Date acquired Cost, normal purchase price Total Checkouts Barcode Date last seen Price effective from item type
        Wakkerstroom Wakkerstroom 20.08.2021 86.58   33228022343469 20.08.2021 20.08.2021 Books